The golden compass (Record no. 110604)

MARC details
000 -LÍDER
campo de controle de tamanho fixo 01034 a2200325 4500
001 - NÚMERO DE CONTROLE
campo de controle 110604
003 - IDENTIFICADOR DO NÚMERO DE CONTROLE
campo de controle OSt
005 - DATA E HORÁRIO DA ÚLTIMA TRANSAÇÃO
campo de controle 20240125175546.0
008 - CAMPO DE DADOS FIXOS--INFORMAÇÃO GERAL
campo de controle de tamanho fixo 240125b |||||||| |||| 00| 0 ENG d
020 ## - ISBN - INTERNATIONAL STANDARD BOOK NUMBER
ISBN - International Standard Book Number 9780553523713
040 ## - FONTE DA CATALOGAÇÃO
Instituição da catalogação original BR-BrIDEA
Instituição que transcreveu o registro BR-BrIDEA
041 ## - CÓDIGO DE IDIOMA
Código do idioma do texto/trilha sonora ou título diferente ENG
090 ## - NÚMERO DE CHAMADA LOCAL
Número de chamada (OCLC) (R); Número de chamada, CALL (RLIN) (NR) P Year 7 741 PUL
092 ## - CLASSIFICAÇÃO DE DEWEY ATRIBUÍDA LOCALMENTE (OCLC)
Número de Classificação 2015005828
100 ## - ENTRADA PRINCIPAL--NOME PESSOAL
Nome pessoal Pullman, Philip
245 10 - TÍTULO
Título The golden compass
Restante do título the graphic novel. Volume one
Indicação de responsabilidade, etc. Philip Pullman ; Stéphane Melchior-Durand
250 ## - EDIÇÃO
Edição 1st U.S. ed.
260 ## - PUBLICAÇÃO, DISTRIBUIÇÃO, ETC.
Local de publicação, distribuição, etc. New York
Nome do editor, distribuidor, etc. Alfred A. Knopf
Data da publicação, distribuição, etc. 2015
300 ## - DESCRIÇÃO FÍSICA
Extensão 1 v. (unpaged)
490 ## - TÍTULO DA SÉRIE
Título da série Golden Compass Graphic Novels
Número do volume ou designação sequencial da série 1
697 ## - ENTRADA DE ASSUNTO LOCAL--ENTIDADE COLETIVA (RLIN)
Nome corporativo ou nome da jurisdição Fantasy fiction.
697 ## - ENTRADA DE ASSUNTO LOCAL--ENTIDADE COLETIVA (RLIN)
Nome corporativo ou nome da jurisdição Graphic novels.
697 ## - ENTRADA DE ASSUNTO LOCAL--ENTIDADE COLETIVA (RLIN)
Nome corporativo ou nome da jurisdição Missing persons - Experiments - Comic books, strips, etc - Fiction.
697 ## - ENTRADA DE ASSUNTO LOCAL--ENTIDADE COLETIVA (RLIN)
Nome corporativo ou nome da jurisdição Arctic regions - Comic books, strips, etc - Fiction.
697 ## - ENTRADA DE ASSUNTO LOCAL--ENTIDADE COLETIVA (RLIN)
Nome corporativo ou nome da jurisdição Kidnapping - Comic books, strips, etc - Fiction.
697 ## - ENTRADA DE ASSUNTO LOCAL--ENTIDADE COLETIVA (RLIN)
Nome corporativo ou nome da jurisdição Adaptations.
697 ## - ENTRADA DE ASSUNTO LOCAL--ENTIDADE COLETIVA (RLIN)
Nome corporativo ou nome da jurisdição FICTION / Fantasy / Epic.
856 ## - LOCALIZAÇÃO ELETRÔNICA E ACESSO
Uniform Resource Identifier <a href="00001a/00001a63.jpg">00001a/00001a63.jpg</a>
942 ## - ELEMENTOS DE ENTRADA ADICIONADOS (KOHA)
Tipo de material Koha Livros
Fonte da classificação ou esquema de arquivamento na estante
Holdings
Situação do descarte Situação das perdas Fonte da classificação ou esquema de arquivamento na estante Situação física Não pode ser emprestado Biblioteca de origem Biblioteca atual Data de aquisição Total de empréstimos Número de chamada completo Código de barras Devolução em Data de último acesso Data do último empréstimo Data do preço efetivo Tipo de material Koha
    Classificação Decimal de Dewey     ECB - SUDOESTE ECB - SUDOESTE 31/03/2017 2 Year 8 741 00029409SSW 06/07/2024 07/05/2024 07/05/2024 23/01/2024 Livros
    Classificação Decimal de Dewey     ECB - SUDOESTE ECB - SUDOESTE 11/04/2023   P Year 7 741 PUL 00061714SSW   23/01/2024   23/01/2024 Livros
    Classificação Decimal de Dewey     ECB - ÁGUAS CLARAS ECB - ÁGUAS CLARAS 11/04/2023   AP Year 7 741 PUL 00061713AGC   05/09/2024   23/01/2024 Livros